000 00532nam a2200157 i 4500
001 22325
003 ES-MaACL
005 20230906152656.0
007 t|
008 021202s1947 sp ||||1| spa d
100 1 _aAldea Eguilaz, Raimundo.
_919621
245 1 3 _aEl plazo para recurrir en alzada contra las denegaciones tácitas
_b: un caso práctico de derecho municipal navarro /
_cRaimundo Aldea Eguilaz.
260 _aPamplona :
_bGómez,
_c1947 (
_fIruña)
300 _a51 p. ;
_c16 cm.
852 _aES-MaACL
_j1482-F-8
_bR.26176
999 _c22325
_d22325